[Event "AUTO-INT-1741"]
[Site "http://www.queenalice.com/game.php?id=796409"]
[Date "2010.6.29"]
[Round "1"]
[White "fomalhaut"]
[Black "estouchegando"]
[Result "0-1"]
[WhiteElo "1429"]
[BlackElo "1375"]

1. e4 e5 2. Nf3 Nc6 3. c3 Nf6 4. d3 Bc5 5. Bg5 h6 6. b4 Bd6 7. Bh4 b5 8. Be2 g5
9. Bg3 Qe7 10. O-O Nh5 11. Na3 a6 12. Nxe5 Bxe5 13. Bxh5 d6 14. d4 Bf6 15. Qf3
Bb7 16. Rae1 O-O-O 17. Qf5+ Kb8 18. Nc2 Bc8 19. Qf3 g4 20. Bxg4 Bb7 21. d5 Ne5
22. Bxe5 Bxe5 23. Nd4 Qh4 24. g3 Qg5 25. Nc6+ Bxc6 26. dxc6 Rhg8 27. Rd1 Qxg4
28. Rd3 Qh3 29. a3 Rg6 30. Qe3 Rdg8 31. f4 Rf6 32. f5 Rg5 33. Qf3 Rh5 34. Qg2
Qg4 35. Rdf3 Rh3 36. Kh1 h5 37. Kg1 h4 38. Kh1 hxg3 39. Rxg3 Bxg3 40. Kg1 Rxh2
0-1

[Event "AUTO-INT-1741"]
[Site "http://www.queenalice.com/game.php?id=796410"]
[Date "2010.6.29"]
[Round "1"]
[White "estouchegando"]
[Black "fomalhaut"]
[Result "0-1"]
[WhiteElo "1377"]
[BlackElo "1458"]

1. e4 e5 2. Nf3 d6 3. d4 Bg4 4. dxe5 Bxf3 5. gxf3 dxe5 6. Qxd8+ Kxd8 7. Nc3 Bb4
8. Bg5+ f6 9. Bd2 Nc6 10. a3 Ba5 11. b4 Bb6 12. Nd5 Nce7 13. Nc3 Kd7 14. Bh3+
Kd8 15. Be3 Bxe3 16. fxe3 Nh6 17. O-O-O+ Ke8 18. Rd7 f5 19. Rhd1 Rc8 20. Nb5 Kf7
21. Nxa7 Ra8 22. Nb5 c6 23. Nd6+ Kf6 24. exf5 Nhxf5 25. Ne4+ Kg6 26. Rg1+ Kh6
27. Rg5 g6 28. Rxb7 Rxa3 29. Rg1 Ra1+ 30. Kb2 Rxg1 31. Nf6 Rh1 32. e4 Rxh2 33.
Ng4+ Kh5 34. Nxh2 Re8 35. exf5 gxf5 36. c4 Kh6 37. Rd7 f4 38. Rd6+ Ng6 39. Rxc6
e4 40. Ng4+ Kg5 41. Rc5+ Kh4 42. Bg2 e3 43. Nf6 Rh8 44. Rh5+ Kg3 45. Rg5+ Kf2
46. Kc2 e2 47. Ne4+ Ke3 48. Rd5 e1=Q 49. Rd3+ Ke2 50. Nc3+ Kf2 51. Rd2+ Kg3 52.
Ne4+ Kh2 53. Bf1+ Kg1 54. Bh3 Ra8 55. Rg2+ Kh1 56. Kb3 Qb1+ 57. Kc3 Ra3+ 58. Kd2
Ra2+ 59. Kc3 Rxg2 60. b5 Qb2+ 61. Kd3 Qb3+ 62. Kd4 Rc2 63. Be6 Qb2+ 64. Kc5 Qe5+
65. Bd5 Ne7 66. Kb4 Nxd5+ 67. cxd5 Qxd5 68. b6 Rc4+ 69. Ka3 Qa5+ 70. Kb3 Qb5+
71. Ka3 Ra4# 0-1

[Event "AUTO-INT-1741"]
[Site "http://www.queenalice.com/game.php?id=796411"]
[Date "2010.6.29"]
[Round "1"]
[White "fomalhaut"]
[Black "Hagi"]
[Result "0-1"]
[WhiteElo "1383"]
[BlackElo "1689"]

1. e4 d5 2. e5 Nc6 3. d4 f6 4. Bb5 fxe5 5. dxe5 a6 6. Bxc6+ bxc6 7. Nf3 e6 8.
O-O h6 9. c3 c5 10. Nbd2 c4 11. b3 Bb7 12. b4 a5 13. b5 c6 14. bxc6 Bxc6 15. a4
Ne7 16. Ba3 Ng6 17. Qe2 Bxa3 18. Rxa3 O-O 19. Rb1 d4 20. Nxd4 Nf4 21. Qxc4 Bxg2
22. Nxe6 Nxe6 23. Qxe6+ Kh8 24. Kxg2 Qg5+ 25. Kf1 Qxd2 26. Qb6 Rae8 27. e6 Rf5
28. Re1 Qd3+ 29. Kg1 Rg5+ 30. Kh1 Qf3# 0-1

[Event "AUTO-INT-1741"]
[Site "http://www.queenalice.com/game.php?id=796412"]
[Date "2010.6.29"]
[Round "1"]
[White "Hagi"]
[Black "fomalhaut"]
[Result "1-0"]
[WhiteElo "1689"]
[BlackElo "1387"]

1. e4 e5 2. Bc4 Nf6 3. d4 Nxe4 4. dxe5 Qe7 5. Nf3 Qb4+ 6. Nbd2 Bc5 7. O-O Nxf2
8. Qe2 Nd3+ 9. Kh1 Nxc1 10. Raxc1 Qxb2 11. Ng5 b5 12. Bxf7+ Ke7 13. e6 dxe6 14.
Nxe6 Bxe6 15. Qxe6+ Kd8 16. Rcd1 Nd7 17. Rfe1 Nf6 18. Ne4+ Bd4 19. Nxf6 gxf6 20.
Qxf6+ 1-0

[Event "AUTO-OPEN-2024"]
[Site "http://www.queenalice.com/game.php?id=796560"]
[Date "2010.6.29"]
[Round "1"]
[White "chess2009"]
[Black "fomalhaut"]
[Result "0-1"]
[WhiteElo "1554"]
[BlackElo "1437"]

1. e4 e5 2. Qh5 Nc6 3. Bc4 g6 4. Qf3 Nf6 5. h3 Nd4 6. Qd1 Nxe4 7. Bd3 d5 8. Bxe4
Bg7 9. Bf3 e4 10. Be2 O-O 11. c3 Nxe2 12. Qxe2 c5 13. Na3 a6 14. d3 Re8 15. Be3
b6 16. O-O-O Be6 17. dxe4 Qc7 18. g3 dxe4 19. g4 Bxa2 20. h4 Red8 21. Rxd8+ Rxd8
22. Nh3 h6 23. Ng1 Bb3 24. Nh3 Rd3 25. Bf4 Qd7 26. Nb1 f5 27. Na3 b5 28. Nb1 Qc6
29. gxf5 b4 30. Nd2 bxc3 31. Nxb3 Qd5 32. Rd1 Qxb3 33. Rxd3 cxb2+ 34. Kd2 Qb4+
35. Rc3 Qxc3+ 36. Kd1 b1=R+ 37. Bc1 Qxc1# 0-1

[Event "AUTO-OPEN-2024"]
[Site "http://www.queenalice.com/game.php?id=796561"]
[Date "2010.6.29"]
[Round "1"]
[White "fomalhaut"]
[Black "chess2009"]
[Result "1-0"]
[WhiteElo "1471"]
[BlackElo "1516"]

1. e4 e5 2. Nf3 f6 3. c3 Qe7 4. g3 Nc6 5. Be2 d6 6. O-O Bg4 7. b4 Bxf3 8. Bxf3
O-O-O 9. b5 Nb8 10. a4 g5 11. Bg4+ Nd7 12. Ba3 Bh6 13. d4 Qe8 14. d5 Bf8 15. a5
Nh6 16. Be6 Kb8 17. c4 Nc5 18. Nc3 Nxe6 19. Na4 Ng4 20. Qxg4 Nd4 21. Qd1 Nxb5
22. cxb5 Qxb5 23. a6 b6 24. Nc3 Qe8 25. Rb1 h5 26. h3 Bh6 27. Qc2 h4 28. g4 f5
29. exf5 c5 30. Nb5 Bg7 31. f3 Rc8 32. Nxd6 Qd8 33. Nxc8 Qxc8 34. Bxc5 Ka8 35.
Rfc1 bxc5 36. Qxc5 Qxc5+ 37. Rxc5 Rd8 38. Rd1 Rd6 39. Rc6 Rd8 40. d6 Rd7 41. Rc7
Rxc7 42. dxc7 e4 43. Rd8# 1-0

[Event "AUTO-OPEN-2024"]
[Site "http://www.queenalice.com/game.php?id=796592"]
[Date "2010.6.29"]
[Round "1"]
[White "fomalhaut"]
[Black "Boeing"]
[Result "1-0"]
[WhiteElo "1411"]
[BlackElo "1842"]

1. e4 e5 2. Nf3 d6 3. c3 Nf6 4. d3 h6 5. g3 c6 6. Bg2 Bg4 7. h3 Bxf3 8. Bxf3 Be7
9. Nd2 O-O 10. Nf1 Qb6 11. Nd2 d5 12. Qe2 d4 13. cxd4 Qxd4 14. O-O b5 15. Nb3
Qd8 16. Be3 Na6 17. a3 b4 18. a4 Rc8 19. d4 exd4 20. Bxd4 Nb8 21. Bxa7 Re8 22.
Qc4 Qd7 23. Be3 c5 24. Kh2 g5 25. e5 Nh7 26. Bg4 Qc7 27. Bxc8 Rxc8 28. e6 f6 29.
a5 Nc6 30. Bxc5 Ne5 31. Qc2 Bxc5 32. Nxc5 Nf3+ 33. Kg2 Nd4 34. Qg6+ Qg7 35.
Qxg7+ Kxg7 36. Rac1 Nf8 37. e7 Ng6 38. Rfe1 Re8 39. a6 Nxe7 40. a7 Kf7 41. Ra1
Ra8 42. Nd7 Nc2 43. Rxe7+ Kxe7 44. Nb6 Rxa7 45. Rxa7+ Kd6 46. Nc4+ Kc5 47. b3
Nd4 48. Nd2 h5 49. Rh7 h4 50. gxh4 gxh4 51. Rxh4 f5 52. Rf4 Kd5 53. Rh4 Nc2 54.
Rc4 Ne1+ 55. Kg3 Nd3 56. h4 f4+ 57. Kg2 Ke5 58. h5 Kf5 59. h6 Kg6 60. Rc6+ Kh7
61. Ne4 Ne5 62. Ng5+ Kg8 63. h7+ Kg7 64. Rc7+ Kh8 65. Rc8+ 1-0

[Event "AUTO-OPEN-2024"]
[Site "http://www.queenalice.com/game.php?id=796593"]
[Date "2010.6.29"]
[Round "1"]
[White "Boeing"]
[Black "fomalhaut"]
[Result "0-1"]
[WhiteElo "1839"]
[BlackElo "1399"]

1. e4 e5 2. Qh5 Nc6 3. Bc4 g6 4. Qf3 Nf6 5. c3 Bg7 6. g4 d6 7. h3 Qe7 8. g5 Nh5
9. h4 Be6 10. Bb5 O-O 11. Bxc6 bxc6 12. d4 a5 13. d5 cxd5 14. exd5 Bc8 15. Be3
Bb7 16. c4 e4 17. Qd1 Bxb2 18. Bd4 Bxa1 19. Bxa1 Ba6 20. Qd4 Qe5 21. Qxe5 dxe5
22. c5 Rab8 23. Nd2 Bd3 24. Bxe5 Rbc8 25. Rh3 Rfd8 26. d6 cxd6 27. Ne2 dxe5 28.
Nb3 a4 29. Na5 Rxc5 30. Nb7 Rc2 31. Nxd8 Rxe2+ 32. Kd1 Rxa2 33. Nc6 a3 34. Nb4
Rxf2 35. Nxd3 Rf1+ 36. Ke2 Rf3 0-1

[Event "Aldo Moro"]
[Site "http://www.queenalice.com/game.php?id=815540"]
[Date "2010.8.9"]
[Round "-"]
[White "Eliasz"]
[Black "fomalhaut"]
[Result "1-0"]
[WhiteElo "1751"]
[BlackElo "1441"]

1. e4 e5 2. Nf3 d6 3. d4 Bg4 4. Bg5 Be7 5. Bxe7 Qxe7 6. Be2 Nf6 7. Nc3 O-O 8.
O-O Nbd7 9. h3 Bh5 10. dxe5 Nxe5 11. Nxe5 Bxe2 12. Ng6 fxg6 13. Qxe2 Nh5 14. Qd3
a6 15. Ne2 1-0

[Event "AUTO-OPEN-2024"]
[Site "http://www.queenalice.com/game.php?id=853246"]
[Date "2010.11.1"]
[Round "2"]
[White "fomalhaut"]
[Black "TheBigSid"]
[Result "0-1"]
[WhiteElo "1504"]
[BlackElo "2179"]

1. e4 e6 2. d4 d5 3. e5 c5 4. c3 Nc6 5. Bb5 Qb6 6. a4 Bd7 7. Bg5 cxd4 8. Nf3
dxc3 9. bxc3 Bc5 10. Be3 Bxe3 11. fxe3 Qxe3+ 12. Qe2 Qxe2+ 13. Kxe2 Nge7 14. Kf2
a6 15. Bd3 Ng6 16. Re1 O-O 17. Kg1 Na5 18. Bxg6 hxg6 19. Ng5 Rac8 20. Ra3 Rc4
21. Nf3 Rxa4 22. Rd1 Rxa3 23. Nxa3 Rc8 24. Rd3 Nc4 25. Nxc4 Rxc4 26. Nd2 Rf4 27.
Nf3 Bb5 28. Re3 g5 29. h3 g4 30. g3 Rxf3 31. Rxf3 gxf3 32. Kf2 Be2 0-1

[Event "AUTO-OPEN-2024"]
[Site "http://www.queenalice.com/game.php?id=853247"]
[Date "2010.11.1"]
[Round "2"]
[White "TheBigSid"]
[Black "fomalhaut"]
[Result "1-0"]
[WhiteElo "2178"]
[BlackElo "1506"]

1. d4 d5 2. c4 c6 3. e3 Nf6 4. Nf3 Bg4 5. Qb3 Bxf3 6. Qxb7 Nbd7 7. gxf3 Qb8 8.
Qxc6 Qb4+ 9. Bd2 Qb8 10. cxd5 g6 11. Nc3 Bg7 12. Ne4 Nxe4 13. fxe4 Qc8 14. Bb5
Rb8 15. Qxd7+ Qxd7 16. Bxd7+ Kxd7 17. b3 Rhc8 18. Ke2 Rc2 19. Rhc1 Rxc1 20. Rxc1
g5 21. Ba5 Rc8 22. Rxc8 Kxc8 23. Kd3 h5 24. h3 Bf6 25. f3 Kd7 26. e5 Bg7 27. Ke4
f6 28. e6+ Kd6 29. Bb4+ Kc7 30. Bxe7 a5 31. d6+ 1-0

[Event "AUTO-OPEN-2024"]
[Site "http://www.queenalice.com/game.php?id=853248"]
[Date "2010.11.1"]
[Round "2"]
[White "fomalhaut"]
[Black "rajneesh"]
[Result "1-0"]
[WhiteElo "1502"]
[BlackElo "1799"]

1. e4 e5 2. Nf3 Nc6 3. c3 d5 4. Bb5 a6 5. Bxc6+ bxc6 6. Nxe5 Bb7 7. O-O Bd6 8.
d4 h6 9. Qh5 Bxe5 10. Qxe5+ Kf8 11. Bf4 Rc8 12. Nd2 Ne7 13. Nb3 Ng6 14. Qf5 Nxf4
15. Qxf4 Kg8 16. Nc5 Rb8 17. e5 Bc8 18. b4 Kh7 19. Rfe1 Rf8 20. a4 Kg8 21. Rab1
Re8 22. Re3 a5 23. b5 Re7 24. Rg3 Kh7 25. Re1 Qe8 26. Qf3 cxb5 27. Rb1 c6 28.
Qh5 g6 29. Qf3 Bf5 30. Rb2 Qc8 31. h3 bxa4 32. Nxa4 Be4 33. Qf6 Bf5 34. Qxe7 Kg8
35. Rxb8 Qxb8 36. h4 Qb1+ 37. Kh2 Qb5 38. Nc5 Qe2 39. Qe8+ Kg7 40. f3 Qb5 41.
Nd7 Bxd7 42. Qxd7 Kf8 43. Qd8+ Kg7 44. Qf6+ Kg8 45. h5 Qd3 46. hxg6 1-0

[Event "AUTO-OPEN-2024"]
[Site "http://www.queenalice.com/game.php?id=853249"]
[Date "2010.11.1"]
[Round "2"]
[White "rajneesh"]
[Black "fomalhaut"]
[Result "1-0"]
[WhiteElo "1790"]
[BlackElo "1530"]

1. Nf3 d5 2. d4 Nf6 3. g3 Ne4 4. Bg2 e6 5. c4 Bb4+ 6. Bd2 Bxd2+ 7. Nbxd2 O-O 8.
cxd5 exd5 9. Rc1 Bg4 10. Qc2 c6 11. Nxe4 dxe4 12. Qxe4 Qa5+ 13. Nd2 Bf5 14. Qe7
Qb6 15. O-O Nd7 16. Nc4 Qd8 17. Qb4 Qc7 18. e4 Be6 19. d5 cxd5 20. Nd6 Qb6 21.
Qxb6 Nxb6 22. Rc7 a5 23. Rxb7 Rab8 24. exd5 Nxd5 25. Rxb8 Rxb8 26. Rd1 Rxb2 27.
Bxd5 Bxd5 28. Rxd5 Rxa2 29. Nb7 g6 30. Nxa5 Ra1+ 31. Kg2 Kg7 32. Nc6 Ra6 33. Ne5
Ra7 34. Ng4 Ra2 35. Rd7 Re2 36. Ne3 h5 37. h4 Rb2 38. g4 Rb4 39. Kf3 Rb3 40. Kf4
Rb4+ 41. Kg5 Rb5+ 42. Nd5 Rb2 43. f4 Rg2 44. Nf6 Rg3 45. f5 hxg4 46. fxg6 Rf3
47. Rxf7+ 1-0

[Event "AUTO-OPEN-3647"]
[Site "http://www.queenalice.com/game.php?id=1421334"]
[Date "2016.5.4"]
[Round "1"]
[White "ravenga"]
[Black "fomalhaut"]
[Result "1-0"]
[WhiteElo "2219"]
[BlackElo "1522"]

1. e4 e5 2. f4 d6 3. Nf3 Bg4 4. Bc4 Nf6 5. d3 Nc6 6. O-O Qd7 7. Nc3 a6 8. fxe5
Nxe5 9. Bb3 O-O-O 10. Bf4 h6 11. Bxe5 dxe5 12. Qd2 Bb4 13. Rae1 h5 14. Nxe5 Qd4+
15. Kh1 Qxe5 16. a3 Bc5 17. h3 Be6 18. Bxe6+ Qxe6 19. Qf4 Bd6 20. e5 Nd5 21.
Nxd5 Be7 22. Nxe7+ Qxe7 23. Qxf7 Qxf7 24. Rxf7 1-0